AFL Collingwood Magpies Player Numbers - Statistics

General Stats
  • This quiz has been taken 53 times
  • The average score is 23 of 43
Answer Stats
Hint Answer % Correct
Patrick Lipinski 1
94%
Nick Daicos 35
94%
Jamie Elliot 5
94%
Scott Pendlebury 10
90%
Jordan De Goey 2
90%
Brayden Maynard 4
90%
Isaac Quaynor 3
87%
Josh Daicos 7
87%
Lachie Schultz 8
84%
Dan Houston 9
84%
Daniel McStay 11
77%
Steele Sidebottom 22
77%
Darcy Moore 30
74%
Jack Crisp 25
68%
Billy Frampton 17
65%
Tim Membrey 28
65%
Darcy Cameron 14
61%
Bobby Hill 23
61%
Jeremy Howe 38
61%
Ned Long 44
61%
Harry Perryman 12
55%
Beau McCreery 31
52%
Lachlan Sullivan 33
48%
Wil Parker 15
42%
Edward Allan 16
42%
Angus Anderson 41
42%
Roan Steele 45
42%
Oscar Steene 21
35%
William Hayes 39
35%
Iliro Smit 20
32%
Jack Buller 34
32%
Tew Jiath 19
29%
Reef McInnes 26
29%
Joel Cochran 27
29%
Harvey Harrison 36
29%
Harry Demattia 13
26%
Jakob Ryan 24
23%
Charlie West 29
23%
Jai Saxena 43
16%
Tyan Prindable 18
13%
Noah Howes 40
13%
Sam Swadling 32
10%
Zac McCarthy 37
10%
No matching quizzes found
Score Distribution
Percent of People with Each Score
Percentile by Number Answered
Your Score History
You have not taken this quiz